Prof. G Ram Reddy Library

Handbook of rules and regulations for inter- university tournaments (Record no. 7544)

MARC details
000 -LEADER
fixed length control field 00287nam a2200121Ia 4500
003 - CONTROL NUMBER IDENTIFIER
control field LDD
040 ## - CATALOGING SOURCE
Transcribing agency LDD
082 ## - DEWEY DECIMAL CLASSIFICATION NUMBER
Classification number 796 As78H
245 #0 - TITLE STATEMENT
Title Handbook of rules and regulations for inter- university tournaments
260 ## - PUBLICATION, DISTRIBUTION, ETC.
Place of publication, distribution, etc. New Delhi
Name of publisher, distributor, etc. A.I.U.
Date of publication, distribution, etc. 1984
300 ## - PHYSICAL DESCRIPTION
Extent xi,169p.
942 ## - ADDED ENTRY ELEMENTS (KOHA)
Source of classification or shelving scheme Dewey Decimal Classification
Koha item type Gift Books
Holdings
Withdrawn status Lost status Source of classification or shelving scheme Damaged status Not for loan Home library Current library Date acquired Total Checkouts Full call number Barcode Date last seen Price effective from Koha item type Public note
No   Dewey Decimal Classification     Library and Documentation Division Library and Documentation Division 11/01/2018   796 As78H G007232 11/01/2018 11/01/2018 Gift Books Reference

© Prof. G Ram Reddy Centre Library, Indira Gandhi National Open University, Maidan Garhi, New Delhi, 110068
+91-011-29532797 | FAX+91-011-29533393 |